Hacia la construcción de un enfoque alternativo de la política social /
El campo de la política social ha sido investigado en Costa Rica y en general en América Latina. Dentro de los escasos estudios hechos no se localiza un verdadero esfuerzo por elaborar una teoría integral que recupere la complejidad y diversidad de los procesos que en suma constituyen la política s...
Guardado en:
| Autor principal: | |
|---|---|
| Otros Autores: | |
| Formato: | Libro |
| Lenguaje: | Spanish |
| Materias: | |
| Etiquetas: |
Agregar Etiqueta
Sin Etiquetas, Sea el primero en etiquetar este registro!
|
MARC
| LEADER | 00000nam a22000007a 4500 | ||
|---|---|---|---|
| 003 | cru CIDCACS/IIS | ||
| 005 | 20220427062541.0 | ||
| 007 | ta | ||
| 008 | 170316s1988 cr ||||| |||| 00| 0 spa d | ||
| 040 | |c CRAI/IIS |a CRAI/IIS | ||
| 100 | 1 | |9 3364 |a Rivera Araya, Roy | |
| 245 | 1 | |a Hacia la construcción de un enfoque alternativo de la política social / |c Roy Rivera Araya, Ludwig Guendell González | |
| 300 | |a 27 páginas | ||
| 500 | |a Colección Centroamérica | ||
| 520 | |a El campo de la política social ha sido investigado en Costa Rica y en general en América Latina. Dentro de los escasos estudios hechos no se localiza un verdadero esfuerzo por elaborar una teoría integral que recupere la complejidad y diversidad de los procesos que en suma constituyen la política social. La ausencia de la propuesta teórica con éstas características es el principal motivo por el cual se llevó a cabo el presente trabajo. Este presenta una discusión sobre los principales aportes teóricos que han hecho diferentes autores en relación a la política social, con expresión del proceso de ampliación que ha sufrido el estado capitalista contemporáneo. Uno de los objetivos de este trabajo es el establecer el alcance y la validez del concepto de política social en el marco de un análisis marxista. En este sentido la tarea fundamental es la de plantear posibles respuestas a la pregunta ¿qué es una política social?. El trabajo se divide en dos planes: la intencionalidad que explicitan los agentes que participan en la configuración de la política social y la posibilidad de que de ella se desprendan acuerdos políticos. OB/MR | ||
| 650 | 1 | 0 | |a |9 2123 |
| 650 | 0 | |9 1855 |a IDEOLOGIAS POLITICAS | |
| 650 | 1 | 0 | |9 243 |a ESTADO |
| 650 | 1 | 0 | |9 236 |a MARXISMO |
| 650 | 1 | 0 | |9 64 |a CAPITALISMO |
| 650 | 1 | 0 | |9 3366 |a GRUPOS DE INTERESES |
| 651 | 1 | 0 | |9 32 |a COSTA RICA |
| 700 | 1 | |a Güendell González, Ludwig |9 3365 | |
| 773 | 0 | |0 18901 |9 370 |a Universidad de Costa Rica. |d San José, Costa Rica CSUCA |o MFN0072 |t Cuadernos de Investigación CSUCA / | |
| 942 | |2 ddc |c PP | ||
| 999 | |c 18998 |d 18998 | ||
